| 000 | 00402nam a2200121Ia 4500 | ||
|---|---|---|---|
| 008 | 240731s9999 xx 000 0 und d | ||
| 022 | _a1742-8149 | ||
| 245 | 0 | _aHuman Fertility : an international, multidisciplinary journal dedicated to furthering research and promoting good practice | |
| 260 | _bTaylor & Francis | ||
| 856 | _uhttps://www.tandfonline.com/loi/ihuf20 | ||
| 942 | _2ddc | ||
| 942 | _cTFEJ | ||
| 999 |
_c76874 _d76874 |
||
| 945 |
_a1 _bMadushi Gamage _c1 _dMadushi Gamage |
||